000 00507nam a2200217Ia 4500
003 OSt
005 20220924133216.0
006 a|||||r|||| 00| 0
007 ta
008 220923b |||||||| |||| 00| 0 san d
024 _a259982
037 _cTextual
040 _aARTS
_cARTS
_bsan
041 _2san
_asan
082 _aP15,C:4x1,1, 15L2
245 0 _aAmarkosa
260 _c1972
300 _a185i`0
_ccm.
942 _hP15,C:4x1,1, 15L2
_cTEXL
_2CC
999 _c432985
_d432985